000
00345nam a2200157Ia 4500
003
OSt
005
20240312105224.0
008
170523s9999 xx 000 0 und d
020
_a
978-0133874037
040
_c
iimtu meerut
100
_a
FRASR- ORMISTON
245
0
_a
FINANCIAL STATEMENTS
260
_b
PHI
260
_c
2004
942
_2
ddc
_c
02
999
_c
1496
_d
1496